[Event "ICS rated standard match"]
[Site "204.178.125.65"]
[Date "2000.08.22"]
[Round "?"]
[White "JOL"]
[Black "Hossa"]
[Result "1/2-1/2"]
[WhiteElo "2077"]
[BlackElo "2360"]
[PlyCount "147"]
[EventDate "2000.??.??"]

1. c4 Nf6 2. Nc3 c5 3. Nf3 d5 4. cxd5 Nxd5 5. g3 e6 6. Bg2 Be7 7. O-O Nc6 8. a3
O-O 9. b3 Bf6 10. Bb2 Bd7 11. Qc2 Nxc3 12. Bxc3 e5 13. Bb2 Qb6 14. Rab1 Rfe8
15. e4 Rac8 16. Rfc1 Nd4 17. Nxd4 cxd4 18. Qd3 Bb5 19. Qf3 Rxc1+ 20. Rxc1 Bg5
21. Qd1 Bd3 22. b4 Qe6 23. Rc5 b6 24. Rc7 a6 25. Qf3 Bb5 26. Bh3 Qa2 27. Bc1
Rf8 28. Qf5 Qb3 29. Bg4 Bd8 30. Rc8 Qd3 31. h4 Bc4 32. Rc6 Qf1+ 33. Kh2 Qxc1
34. d3 Qxa3 35. dxc4 Qxb4 36. Qxe5 Be7 37. Qxd4 Bc5 38. Qd3 Qe1 39. Qe2 Qxf2+
40. Qxf2 Bxf2 41. Kg2 Be3 42. Rc7 g6 43. Kf3 Bd4 44. Rd7 Bc5 45. Rb7 h5 46. Bd7
Kg7 47. e5 a5 48. Bc6 Kg8 49. Kf4 Bd4 50. Rd7 Bf2 51. Bd5 Bc5 52. Ra7 Bd4 53.
Ke4 Bf2 54. Kf3 Bg1 55. g4 Bh2 56. Re7 a4 57. Kg2 Bf4 58. e6 fxe6 59. Bxe6+ Kh8
60. Ra7 Rf6 61. Bd7 Bd2 62. Rxa4 Be1 63. Ra1 Bxh4 64. Rh1 Rf2+ 65. Kg1 Rd2 66.
Rxh4 Rxd7 67. gxh5 gxh5 68. Rxh5+ Rh7 69. Rxh7+ Kxh7 70. Kf2 Kg7 71. Ke3 Kf7
72. Kd4 Ke6 73. c5 bxc5+ 74. Kxc5 1/2-1/2

[Event "ICS Rated standard match"]
[Site "204.178.125.65"]
[Date "2000.08.22"]
[Round "?"]
[White "Hossa"]
[Black "Esen"]
[Result "1-0"]
[WhiteElo "2350"]
[BlackElo "1940"]
[PlyCount "68"]
[EventDate "2000.??.??"]

1. e4 c6 2. Qe2 d5 3. d3 e6 4. Nf3 Nf6 5. e5 Nfd7 6. g3 b6 7. Bg2 Bb7 8. O-O c5
9. Nc3 a6 10. a3 g6 11. Bf4 Bg7 12. h4 O-O 13. h5 Nc6 14. h6 Bh8 15. Rfe1 b5
16. a4 b4 17. Nd1 a5 18. Bh3 Qc7 19. g4 Ne7 20. Bg3 d4 21. Ng5 Qc6 22. f4 Nb6
23. b3 Nbd5 24. Bg2 Qc7 25. Qf2 Nc3 26. Bxb7 Qxb7 27. Nxc3 bxc3 28. Qe2 Qd5 29.
Bh4 Nc6 30. Rac1 Rfe8 31. Ne4 Na7 32. Bf6 Qc6 33. Qf2 Rf8 34. Be7 Rfe8 {
Esen resigns} 1-0

[Event "ICS rated standard match"]
[Site "204.178.125.65"]
[Date "2000.08.22"]
[Round "?"]
[White "janh"]
[Black "Hossa"]
[Result "1-0"]
[WhiteElo "2464"]
[BlackElo "2353"]
[PlyCount "97"]
[EventDate "2000.??.??"]

1. d4 d5 2. c4 e6 3. cxd5 exd5 4. Nc3 c6 5. Qc2 Nf6 6. Bg5 Na6 7. a3 Nc7 8. e3
h6 9. Bh4 Bd6 10. Bd3 g5 11. Bg3 Bxg3 12. hxg3 Qe7 13. Nf3 g4 14. Ne5 Be6 15.
O-O-O O-O-O 16. Qa4 a6 17. Kb1 Rde8 18. Qb3 Nb5 19. Nxb5 axb5 20. Rc1 Qc7 21.
Bxb5 Ne4 22. Qa4 Bf5 23. Ka1 Rxe5 24. Bxc6 Kb8 25. Bb5 Qb6 26. dxe5 Nxf2 27.
Rhf1 Qxe3 28. Qb4 Rc8 29. Rxc8+ Bxc8 30. Qf8 Nd3 31. Bxd3 Qxd3 32. Rc1 Qf5 33.
Qd6+ Ka8 34. Qd8 Kb8 35. Qc7+ Ka7 36. Rc5 Qf1+ 37. Ka2 Be6 38. Ra5+ Qa6 39.
Rxa6+ Kxa6 40. b4 Ka7 41. Qc5+ b6 42. Qc7+ Ka8 43. Qxb6 d4+ 44. Kb2 Bc8 45. b5
h5 46. Qc7 h4 47. b6 Bb7 48. Qd8+ Bc8 49. Qxc8# {Hossa checkmated} 1-0

[Event "ICS rated standard match"]
[Site "204.178.125.65"]
[Date "2000.08.23"]
[Round "?"]
[White "Hossa"]
[Black "MM3Quick"]
[Result "1-0"]
[WhiteElo "2342"]
[BlackElo "2216"]
[PlyCount "36"]
[EventDate "2000.??.??"]

1. e4 e6 2. d4 d5 3. Nc3 Bb4 4. e5 Ne7 5. Bd2 O-O 6. a3 Ba5 7. Nf3 c5 8. dxc5
Nd7 9. Bb5 Bxc3 10. Bxc3 Nxc5 11. O-O Bd7 12. Be2 Ng6 13. Bb4 Qc7 14. Qd4 Rac8
15. Rfe1 Rfd8 16. h4 h6 17. h5 Ne7 18. Qc3 Ne4 {MM3Quick resigns} 1-0

[Event "ICS rated blitz match"]
[Site "204.178.125.65"]
[Date "2000.08.23"]
[Round "?"]
[White "Hossa"]
[Black "PostModernist"]
[Result "1-0"]
[WhiteElo "2403"]
[BlackElo "2706"]
[PlyCount "117"]
[EventDate "2000.??.??"]

1. e4 c6 2. Qe2 d5 3. d3 dxe4 4. dxe4 e5 5. Nf3 Bg4 6. Be3 Nf6 7. Nbd2 Qa5 8.
c3 Nbd7 9. h3 Bh5 10. Nb3 Qa4 11. Nbd2 Qc2 12. Qd1 Qxd1+ 13. Rxd1 Bxf3 14. gxf3
Be7 15. Nc4 O-O 16. Rg1 Rfe8 17. Bh6 g6 18. Nd6 Bxd6 19. Rxd6 Red8 20. a3 a5
21. Be2 a4 22. Kf1 Ne8 23. Rd1 Nc5 24. Rxd8 Rxd8 25. Rg5 f6 26. Bc4+ Kh8 27.
Rg1 b5 28. Ba2 Nd3 29. b4 g5 30. h4 Nxf2 31. hxg5 Nh3 32. Rg4 Rd1+ 33. Ke2 Ra1
34. Bf7 Nd6 35. Be6 Nxg5 36. Bxg5 fxg5 37. Rxg5 h6 38. Rxe5 Kg7 39. Rc5 Kf6 40.
Bd7 Ra2+ 41. Ke3 Nc4+ 42. Kf4 Nxa3 43. Rxc6+ Kg7 44. Rc7 Kh8 45. Kf5 Rg2 46.
Kf6 Rg8 47. Bf5 Re8 48. Kg6 h5 49. Kxh5 Kg8 50. f4 Kf8 51. Bg6 Re7 52. Rc8+ Kg7
53. Kg5 Re6 54. Rc7+ Kf8 55. f5 Re5 56. Kf6 Re8 57. Rg7 Rb8 58. Bf7 Rb6+ 59.
Be6 1-0

[Event "ICS rated blitz match"]
[Site "204.178.125.65"]
[Date "2000.08.23"]
[Round "?"]
[White "PostModernist"]
[Black "Hossa"]
[Result "0-1"]
[WhiteElo "2679"]
[BlackElo "2430"]
[PlyCount "86"]
[EventDate "2000.??.??"]

1. d4 d5 2. Nf3 Nf6 3. e3 Bg4 4. h3 Bxf3 5. Qxf3 a6 6. Bd2 e6 7. Nc3 c5 8.
O-O-O Nc6 9. dxc5 Bxc5 10. g4 Rc8 11. g5 Nd7 12. Qh5 b5 13. Kb1 Qc7 14. Be2 Bd6
15. Rhe1 Nc5 16. Bf3 O-O 17. Bg2 b4 18. Ne2 Rfd8 19. f4 Ne4 20. Bxe4 dxe4 21.
c4 bxc3 22. Bxc3 Nb4 23. Rd4 Nd3 24. Rd1 Qb7 25. b3 Rd7 26. Ka1 Qb6 27. Qh4 Qc6
28. Qh5 Qa8 29. Ba5 Rc5 30. Bb4 Nxb4 31. Rxb4 Rc2 32. Kb1 g6 33. Qg4 Bxb4 34.
Rxd7 Qc8 35. Rd1 Ba3 36. Ka1 Bc1 37. Rxc1 Rxc1+ 38. Kb2 Rd1 39. Qg1 Rd2+ 40.
Ka3 Rxe2 41. Qd1 Qc5+ 42. b4 Rxe3+ 43. Kb2 Qxb4+ 0-1

[Event "ICS rated standard match"]
[Site "204.178.125.65"]
[Date "2000.08.23"]
[Round "?"]
[White "ivantchouc"]
[Black "Hossa"]
[Result "0-1"]
[WhiteElo "2200"]
[BlackElo "2352"]
[PlyCount "60"]
[EventDate "2000.??.??"]

1. e4 e5 2. Nf3 Nc6 3. Bb5 a6 4. Ba4 Nf6 5. O-O Be7 6. Re1 d6 7. c3 b5 8. Bb3
Na5 9. Bc2 O-O 10. d4 Nc6 11. dxe5 Nxe5 12. Nxe5 dxe5 13. Qxd8 Rxd8 14. Be3 Ng4
15. h3 Nxe3 16. Rxe3 Be6 17. Rd3 Rxd3 18. Bxd3 Rd8 19. Be2 Bd7 20. Kf1 Bc6 21.
Bf3 g6 22. Ke2 Bg5 23. g3 Bc1 24. a3 Bd7 25. h4 Be6 26. Nd2 Rxd2+ 27. Ke1 Rc2
28. Kd1 Rxf2 29. Rxc1 Rxf3 30. Ke2 Rxg3 {ivantchouc resigns} 0-1

[Event "ICS rated standard match"]
[Site "204.178.125.65"]
[Date "2000.08.23"]
[Round "?"]
[White "Hossa"]
[Black "Amateur"]
[Result "1-0"]
[WhiteElo "2352"]
[BlackElo "2370"]
[PlyCount "123"]
[EventDate "2000.??.??"]

1. e4 c6 2. Qe2 d6 3. Nf3 Nf6 4. d4 e5 5. Nc3 exd4 6. Nxd4 Be7 7. Bf4 O-O 8.
O-O-O Re8 9. Qd2 b5 10. f3 b4 11. Nce2 c5 12. Nb5 Qa5 13. c4 Ba6 14. Kb1 Bxb5
15. cxb5 a6 16. b6 Qxb6 17. Ng3 Nc6 18. Nf5 b3 19. Bc4 bxa2+ 20. Bxa2 Nd4 21.
Nxd4 cxd4 22. Qxd4 Rab8 23. Qxb6 Rxb6 24. Rd2 a5 25. Rc1 a4 26. Rc7 a3 27. g3
Nh5 28. Be3 Rbb8 29. Ba7 Rbc8 30. Rdc2 Rxc7 31. Rxc7 axb2 32. Bc4 g5 33. Bd4
Ng7 34. Bxb2 Ne6 35. Ra7 Kf8 36. Bd5 Rc8 37. Bh8 Nc7 38. Bc4 Ne8 39. Bb3 f6 40.
Kb2 h5 41. Be6 Rc5 42. Ra8 Rc7 43. h3 h4 44. gxh4 gxh4 45. Bg4 Kf7 46. Bh5+ Ke6
47. Rxe8 Rb7+ 48. Kc2 Rc7+ 49. Kd3 d5 50. Bg7 dxe4+ 51. Kxe4 f5+ 52. Kd3 Ra7
53. Bf8 Ra3+ 54. Kc2 Ra7 55. Bg6 f4 56. Rxe7+ Rxe7 57. Bxe7 Kxe7 58. Kd3 Kf6
59. Ke4 Kxg6 60. Kxf4 Kf6 61. Kg4 Kg6 62. f4 {Amateur resigns} 1-0

[Event "ICS rated standard match"]
[Site "204.178.125.65"]
[Date "2000.08.23"]
[Round "?"]
[White "Hossa"]
[Black "kingkiller2"]
[Result "1-0"]
[WhiteElo "2352"]
[BlackElo "2269"]
[PlyCount "24"]
[EventDate "2000.??.??"]

1. e4 e6 2. d4 d5 3. Nc3 Bb4 4. e5 c5 5. Nf3 Ne7 6. a3 Bxc3+ 7. bxc3 Qc7 8. Be2
O-O 9. O-O Nd7 10. Bf4 b6 11. Bb5 f5 12. exf6 Nxf6 {kingkiller2 resigns} 1-0

[Event "ICS Rated standard match"]
[Site "204.178.125.65"]
[Date "2000.08.23"]
[Round "?"]
[White "Hossa"]
[Black "jjgm"]
[Result "1-0"]
[WhiteElo "2364"]
[BlackElo "1958"]
[PlyCount "101"]
[EventDate "2000.??.??"]

1. e4 e5 2. Nf3 Nc6 3. Bb5 a6 4. Ba4 Nf6 5. O-O Be7 6. Bxc6 dxc6 7. Nc3 Bg4 8.
h3 Bh5 9. g4 Nxg4 10. hxg4 Bxg4 11. Re1 Bc5 12. d3 Qf6 13. Kg2 h5 14. a4 h4 15.
d4 Bxd4 16. Be3 h3+ 17. Kh2 Bxf3 18. Qd2 O-O-O 19. Bg5 Bxc3 20. Qxc3 Qxg5 21.
Qxf3 Qf4+ 22. Qxf4 exf4 23. Rad1 Rxd1 24. Rxd1 g5 25. f3 Rd8 26. Rxd8+ Kxd8 27.
Kxh3 Ke7 28. Kg4 f6 29. Kf5 c5 30. e5 fxe5 31. Kxe5 g4 32. Kxf4 gxf3 33. Kxf3
Ke6 34. c4 Ke5 35. Ke3 c6 36. a5 Kd6 37. Ke4 Kc7 38. Ke5 b6 39. axb6+ Kxb6 40.
Kd6 Ka5 41. Kxc5 Ka4 42. Kxc6 Kb4 43. c5 a5 44. Kd5 a4 45. c6 Kb3 46. c7 Kxb2
47. Kd4 a3 48. c8=Q a2 49. Qc3+ Kb1 50. Kd3 a1=Q 51. Qc2# {jjgm checkmated} 1-0

[Event "ICS rated standard match"]
[Site "204.178.125.65"]
[Date "2000.08.23"]
[Round "?"]
[White "BrazilianMaster"]
[Black "Hossa"]
[Result "1-0"]
[WhiteElo "2600"]
[BlackElo "2367"]
[PlyCount "103"]
[EventDate "2000.??.??"]

1. b3 e6 2. Bb2 d5 3. f4 Nf6 4. Nf3 Bc5 5. e3 O-O 6. Bd3 Nc6 7. Ne5 a5 8. c4
Nb4 9. Be2 d4 10. a3 d3 11. axb4 dxe2 12. Qxe2 Bxb4 13. e4 Ra6 14. Qe3 Nd7 15.
O-O Nxe5 16. Bxe5 Qd7 17. Rd1 Rd8 18. Qg3 f5 19. Nc3 Rf8 20. exf5 Rxf5 21. Ne4
Qe7 22. d4 b6 23. d5 exd5 24. Rxd5 c6 25. Rd8+ Rf8 26. Rad1 Ra7 27. Nf6+ Kh8
28. Nh5 Kg8 29. Bxg7 Qxg7 30. Nxg7 Rxg7 31. Qh4 Bc5+ 32. Kh1 Bg4 33. Re1 Bf5
34. Rxf8+ Bxf8 35. Qd8 b5 36. Qxa5 Bd7 37. h3 h5 38. Qd8 bxc4 39. bxc4 h4 40.
Re5 Rf7 41. f5 c5 42. Qxh4 Rh7 43. Qg3+ Rg7 44. Qf3 Rh7 45. Qd5+ Kh8 46. f6 Bc6
47. Qxc6 Rh6 48. Rg5 Rh7 49. Qe8 Rxh3+ 50. gxh3 Kh7 51. Qg6+ Kh8 52. Qg8# {
Hossa checkmated} 1-0

[Event "ICS rated standard match"]
[Site "204.178.125.65"]
[Date "2000.08.23"]
[Round "?"]
[White "Hossa"]
[Black "Amateur"]
[Result "1-0"]
[WhiteElo "2360"]
[BlackElo "2363"]
[PlyCount "189"]
[EventDate "2000.??.??"]

1. e4 c6 2. Qe2 d5 3. d3 dxe4 4. dxe4 Nf6 5. e5 Nd5 6. Qd2 e6 7. Nf3 Nd7 8. Bd3
Be7 9. O-O O-O 10. a3 Nc5 11. Be2 Bd7 12. Rd1 f5 13. Qe1 Ne4 14. Bd3 Nc5 15.
Bc4 b5 16. Ba2 Qb6 17. Nc3 Rad8 18. Bd2 Qa6 19. h4 Na4 20. Nxa4 Qxa4 21. Ba5
Rc8 22. Nd4 Bc5 23. Bb3 Qxd4 24. Rxd4 Bxd4 25. Rb1 Rf7 26. h5 f4 27. Qe4 Bb6
28. Bxb6 axb6 29. c3 Rf5 30. Bd1 Rg5 31. a4 Be8 32. axb5 cxb5 33. Bb3 Bc6 34.
Ra1 Kh8 35. Bxd5 Bxd5 36. Qxf4 Rxg2+ 37. Kf1 h6 38. Ra7 Rg5 39. Ke2 Rf5 40. Qg3
Rg5 41. Qh4 Rxe5+ 42. Kd2 Bc4 43. f3 b4 44. Qe7 bxc3+ 45. Kxc3 Bd5+ 46. Kd4 Rg5
47. Qf7 Rd8 48. Ke3 Rg3 49. Rd7 Rxd7 50. Qxd7 Rxf3+ 51. Kd2 Kh7 52. Qe8 Rg3 53.
Qf7 b5 54. b4 Rg5 55. Kc3 Bh1 56. Kb2 e5 57. Qf1 Rxh5 58. Qxb5 Rf5 59. Qd3 e4
60. Qd7 Rf2+ 61. Kb3 h5 62. b5 Rf1 63. Kc3 Rf6 64. Qc7 Rf1 65. b6 Bf3 66. Kd2
h4 67. b7 e3+ 68. Kxe3 Bxb7 69. Qxb7 Kh6 70. Qc8 Kg5 71. Qc5+ Rf5 72. Qe7+ Kh5
73. Qxg7 Rf1 74. Ke4 Re1+ 75. Kd3 Re6 76. Qf7+ Rg6 77. Ke4 Kh6 78. Qe7 Rg5 79.
Kf4 Rg2 80. Qxh4+ Kg6 81. Qe1 Kf7 82. Kf5 Rg6 83. Qc3 Rh6 84. Qb3+ Kg7 85. Qb7+
Kf8 86. Qa7 Rh3 87. Kg6 Rg3+ 88. Kf6 Rf3+ 89. Ke6 Kg8 90. Qg1+ Kf8 91. Qd4 Rh3
92. Qf4+ Kg7 93. Qg4+ Kf8 94. Qf5+ Kg7 95. Qxh3 {Amateur resigns} 1-0

[Event "ICS rated blitz match"]
[Site "204.178.125.65"]
[Date "2000.08.23"]
[Round "?"]
[White "Hossa"]
[Black "PostModernist"]
[Result "0-1"]
[WhiteElo "2456"]
[BlackElo "2693"]
[PlyCount "104"]
[EventDate "2000.??.??"]

1. e4 e6 2. d4 d5 3. Nc3 Bb4 4. e5 Ne7 5. Bd2 b6 6. Qg4 O-O 7. a3 Bxc3 8. Bxc3
c6 9. Bb4 a5 10. Bd6 Re8 11. Qg5 h6 12. Qh4 Ba6 13. Be2 a4 14. Bg4 Nd7 15. Nf3
c5 16. Bh5 g6 17. Bg4 Nf5 18. Qxd8 Raxd8 19. Bxf5 exf5 20. dxc5 bxc5 21. Kd1 d4
22. Re1 Bb7 23. Kc1 Bxf3 24. gxf3 g5 25. f4 gxf4 26. b3 axb3 27. cxb3 Re6 28.
Ra2 f6 29. Rc2 Rc8 30. b4 c4 31. Rd2 d3 32. b5 fxe5 33. Bb4 Rb6 34. a4 Ra8 35.
Ra2 Rxb5 36. Bc3 Kf7 37. Ra3 e4 38. Rg1 Nf6 39. Bd2 Nd5 40. Be1 e3 41. Ra1 c3
42. fxe3 Rb2 43. Rg7+ Kf8 44. Rb7 Re2 45. Bh4 Nxe3 46. Kb1 d2 47. Be7+ Kg8 48.
Rd7 d1=Q+ 49. Rxd1 Rb2+ 50. Kc1 Rc2+ 51. Kb1 Rb8+ 52. Bb4 Rxb4# {
Hossa checkmated} 0-1

[Event "ICS rated blitz match"]
[Site "204.178.125.65"]
[Date "2000.08.23"]
[Round "?"]
[White "Amateur"]
[Black "Hossa"]
[Result "0-1"]
[WhiteElo "2513"]
[BlackElo "2449"]
[PlyCount "160"]
[EventDate "2000.??.??"]

1. e4 e5 2. Nf3 Nc6 3. Bb5 a6 4. Ba4 Nf6 5. O-O Be7 6. Re1 d6 7. Bxc6+ bxc6 8.
d4 exd4 9. Nxd4 Bd7 10. e5 dxe5 11. Nf3 e4 12. Ne5 Be6 13. Qxd8+ Rxd8 14. Nxc6
Rd6 15. Nxe7 Kxe7 16. Nc3 Rc6 17. a4 Rb8 18. Rb1 h6 19. h3 Nd5 20. Nxe4 Rxc2
21. Ng3 Kd7 22. Ra1 f5 23. Nh5 g6 24. Ng3 Rb3 25. Nf1 Rb4 26. Rd1 f4 27. b3 Re2
28. Rb1 Kc8 29. Bd2 Rb8 30. a5 Bf5 31. Rb2 Nb4 32. f3 Nd3 33. Rbb1 Kb7 34. Ra1
Rbe8 35. b4 Rf2 36. Re1 Rxe1 37. Bxe1 Rc2 38. Bd2 Bd7 39. h4 Bb5 40. Kh2 g5 41.
hxg5 hxg5 42. Kg1 Bc4 43. Rd1 Kc6 44. Ra1 Kb5 45. Rb1 Nb2 46. Be1 Ba2 47. Ra1
Nd3 48. Bd2 Nxb4 49. g3 Nc6 50. Rc1 Rxc1 51. Bxc1 Nd4 52. Kf2 Bc4 53. gxf4 Bxf1
54. Kxf1 gxf4 55. Kf2 Ne6 56. Bd2 c5 57. Ke1 Ka4 58. Ke2 c4 59. Bc3 Kb3 60. Kd2
Ng5 61. Bf6 Nxf3+ 62. Ke2 Ng1+ 63. Kf1 c3 64. Bxc3 Kxc3 65. Kxg1 Kb4 66. Kf2
Kxa5 67. Kf3 Kb4 68. Kxf4 a5 69. Ke3 Kc3 70. Ke2 a4 71. Ke3 a3 72. Ke4 a2 73.
Ke5 a1=Q 74. Kd5 Qe1 75. Kd6 Kd4 76. Kc7 Kd5 77. Kb6 Qe7 78. Ka5 Kc5 79. Ka4
Kc4 80. Ka5 Qa7# {Amateur checkmated} 0-1

[Event "ICS rated blitz match"]
[Site "204.178.125.65"]
[Date "2000.08.23"]
[Round "?"]
[White "Hossa"]
[Black "Amateur"]
[Result "1-0"]
[WhiteElo "2468"]
[BlackElo "2494"]
[PlyCount "65"]
[EventDate "2000.??.??"]

1. e4 d6 2. d4 Nf6 3. Nc3 c6 4. f4 Qa5 5. Bd2 Qb6 6. e5 dxe5 7. fxe5 Nfd7 8.
Nf3 Qxb2 9. Rb1 Qa3 10. Bd3 e6 11. O-O Be7 12. Rb3 Qa5 13. Nd5 Qd8 14. Nxe7
Qxe7 15. Ng5 f5 16. exf6 Nxf6 17. Bb4 c5 18. Bxc5 Qd8 19. Bxh7 Nxh7 20. Nf7 Qh4
21. Rh3 Nf6 22. Rxh4 Rxh4 23. Nd6+ Kd7 24. Qe1 Rg4 25. Nxc8 Re4 26. Qg3 Kxc8
27. Qxg7 Nc6 28. Rxf6 Re1+ 29. Kf2 Re2+ 30. Kxe2 Nd8 31. Bd6 Nf7 32. Rxf7 e5
33. Rf8# {Amateur checkmated} 1-0

[Event "ICS rated blitz match"]
[Site "204.178.125.65"]
[Date "2000.08.23"]
[Round "?"]
[White "PostModernist"]
[Black "Hossa"]
[Result "0-1"]
[WhiteElo "2700"]
[BlackElo "2485"]
[PlyCount "110"]
[EventDate "2000.??.??"]

1. d4 e6 2. e4 Nc6 3. d5 exd5 4. exd5 Ne5 5. Nc3 Nf6 6. Qe2 Qe7 7. Bf4 d6 8.
O-O-O Bg4 9. f3 Bd7 10. Nb5 Rc8 11. Nxa7 Ra8 12. Qf2 c6 13. dxc6 bxc6 14. a3
Rb8 15. Re1 Nd5 16. Bg3 g5 17. Bc4 Nb6 18. Bb3 Bh6 19. Qe3 O-O 20. h4 Rfe8 21.
Kb1 Bf5 22. hxg5 Bxg5 23. f4 Nbc4 24. Bxc4 Nxc4 25. Qc3 Rxb2+ 26. Qxb2 Qxe1+
27. Bxe1 Rxe1+ 28. Ka2 Nxb2 29. fxg5 Nd1 30. c4 Bd3 31. Kb3 Nf2 32. Rh6 Ne4 33.
Nxc6 Rb1+ 34. Ka4 Bxc4 35. Nd4 Rxg1 36. Rh4 Bd3 37. Rg4 Rb1 38. Ka5 Nc5 39. Rg3
Kf8 40. Rf3 Bc4 41. Rh3 Kg8 42. g4 Nb7+ 43. Ka4 Be6 44. Nxe6 fxe6 45. Rh6 Kg7
46. Rg6+ Kh8 47. Rf6 Nc5+ 48. Ka5 Kg7 49. Rf2 Kg6 50. Rf8 Kxg5 51. Rh8 Rb7 52.
Rg8+ Kf4 53. Rd8 Rd7 54. Rg8 Ra7+ 55. Kb6 Rxa3 0-1

[Event "ICS rated blitz match"]
[Site "204.178.125.65"]
[Date "2000.08.23"]
[Round "?"]
[White "Hossa"]
[Black "PostModernist"]
[Result "0-1"]
[WhiteElo "2510"]
[BlackElo "2675"]
[PlyCount "132"]
[EventDate "2000.??.??"]

1. e4 c5 2. Nf3 g6 3. d4 cxd4 4. Qxd4 Nf6 5. e5 Nc6 6. Qa4 Nd5 7. Qb3 Nc7 8.
Bc4 Ne6 9. Bxe6 dxe6 10. O-O Bg7 11. Bf4 O-O 12. Na3 Nd4 13. Qe3 Nxf3+ 14. gxf3
Qc7 15. Rad1 b6 16. Rfe1 Bb7 17. Bh6 Bxh6 18. Qxh6 Bxf3 19. Rd3 Qb7 20. Ree3
Bh5 21. Rg3 Kh8 22. Rd4 Rfd8 23. Rgd3 Rxd4 24. Rxd4 Qf3 25. Qd2 Qf5 26. Qe3 Bf3
27. Qf4 Qh5 28. Rd3 Bd5 29. Kf1 g5 30. Qg3 Rc8 31. Rd4 b5 32. b3 b4 33. Nc4 Rd8
34. Ke1 Qg6 35. Ne3 a5 36. h4 f6 37. Rg4 h5 38. Rd4 Rg8 39. Qh2 Bf3 40. Rd7 Qe8
41. Rd4 Qb5 42. Nc4 gxh4 43. Rd3 Qc6 44. Nd2 Rg2 45. Qf4 Rg1+ 46. Nf1 Qe4+ 47.
Qxe4 Bxe4 48. Rd8+ Kg7 49. Ke2 fxe5 50. Nd2 h3 51. Nxe4 h2 52. Ng3 h4 53. Nh1
Rxh1 54. Rd3 Rb1 55. Rh3 h1=Q 56. Rxh1 Rxh1 57. f4 Rh2+ 58. Kf3 exf4 59. Kxf4
Rxc2 60. Kg4 Rc3 61. Kxh4 Kg6 62. Kg4 e5 63. Kh4 Kf5 64. a3 bxa3 65. b4 axb4
66. Kh5 Rh3# {Hossa checkmated} 0-1

[Event "ICS rated blitz match"]
[Site "204.178.125.65"]
[Date "2000.08.23"]
[Round "?"]
[White "Amateur"]
[Black "Hossa"]
[Result "0-1"]
[WhiteElo "2477"]
[BlackElo "2501"]
[PlyCount "170"]
[EventDate "2000.??.??"]

1. e4 e5 2. Nf3 Nc6 3. Bb5 a6 4. Ba4 Nf6 5. O-O Be7 6. Re1 d6 7. Bxc6+ bxc6 8.
d4 exd4 9. Nxd4 Bd7 10. e5 dxe5 11. Nf3 e4 12. Ne5 Be6 13. Qxd8+ Rxd8 14. Nxc6
Rd6 15. Nxe7 Kxe7 16. Nc3 Rc6 17. a4 Rb8 18. Rb1 h6 19. h3 Nd5 20. Nxe4 Rxc2
21. Ng3 Kd7 22. Ra1 f5 23. Nh5 g6 24. Ng7 Bf7 25. Rd1 h5 26. Rb1 Ke7 27. Bg5+
Kf8 28. Bh6 Kg8 29. Nxf5 gxf5 30. Rd2 Rxd2 31. Bxd2 Be8 32. a5 Ba4 33. b4 Re8
34. Re1 Rxe1+ 35. Bxe1 Nf4 36. h4 Ne2+ 37. Kf1 Bb5 38. Bd2 f4 39. Ke1 Kf7 40.
Kd1 Kg6 41. f3 Bd3 42. Ke1 Kf6 43. Kd1 Kf5 44. Ke1 Ke5 45. Kf1 Bc4 46. Kf2 Kd6
47. Ke1 Kd5 48. Kd1 Ke5 49. Ke1 Bb5 50. Kf2 Kd4 51. Kf1 Kd3 52. Be1 Nd4 53. Bf2
Kc3+ 54. Kg1 Ne2+ 55. Kf1 Kxb4 56. Be1+ Kb3 57. Bd2 c5 58. g4 fxg3 59. Be3 Nf4+
60. Kg1 Ng6 61. Bg5 c4 62. Kg2 c3 63. Kxg3 c2 64. Be3 Ne5 65. Kf4 Nc4 66. Bc1
Kc3 67. Kf5 Nxa5 68. Kf6 Nb3 69. Ba3 c1=Q 70. Bxc1 Nxc1 71. Kg5 Be8 72. Kf6 a5
73. Ke7 Bg6 74. f4 Nd3 75. Kf6 Be4 76. Kg5 a4 77. f5 a3 78. f6 Ne5 79. Kf4 Kd4
80. f7 Nxf7 81. Kg3 Ke3 82. Kh2 Kf2 83. Kh3 a2 84. Kh2 a1=R 85. Kh3 Rh1# {
Amateur checkmated} 0-1

[Event "ICS rated blitz match"]
[Site "204.178.125.65"]
[Date "2000.08.23"]
[Round "?"]
[White "Hossa"]
[Black "PostModernist"]
[Result "1-0"]
[WhiteElo "2516"]
[BlackElo "2699"]
[PlyCount "91"]
[EventDate "2000.??.??"]

1. e4 Nc6 2. d4 d5 3. exd5 Qxd5 4. Nf3 e5 5. Nc3 Bb4 6. Bd2 Bxc3 7. Bxc3 e4 8.
Ne5 Nxe5 9. dxe5 Ne7 10. Qxd5 Nxd5 11. Ba5 Be6 12. c4 Nf4 13. Bxc7 Rc8 14. Bd6
Bxc4 15. Rc1 Be6 16. Rxc8+ Bxc8 17. Kd2 Bf5 18. Bb5+ Kd8 19. Rc1 a6 20. Ba4 b5
21. Bb3 Be6 22. Bxe6 fxe6 23. Rc6 g5 24. Rxa6 Kd7 25. Rb6 Ra8 26. a3 Nd3 27.
Rxb5 Kc6 28. Rb3 Kd5 29. Ke3 Ra5 30. Rb7 h6 31. Bb4 Ra8 32. Bc3 Rd8 33. Ra7 Nc5
34. a4 g4 35. a5 Nd7 36. Rb7 Kc6 37. Rb4 Nc5 38. Rb6+ Kd5 39. Rd6+ Rxd6 40.
exd6 Kxd6 41. Bb4 Kd5 42. Bxc5 Kxc5 43. b4+ Kc6 44. Kxe4 Kd6 45. Kf4 g3 46.
Kxg3 1-0

[Event "ICS rated blitz match"]
[Site "204.178.125.65"]
[Date "2000.08.23"]
[Round "?"]
[White "PostModernist"]
[Black "Hossa"]
[Result "1-0"]
[WhiteElo "2675"]
[BlackElo "2540"]
[PlyCount "133"]
[EventDate "2000.??.??"]

1. d4 d5 2. Nf3 Nf6 3. e3 Bg4 4. c4 e6 5. Nc3 Be7 6. Qb3 b6 7. Ne5 dxc4 8. Qa4+
c6 9. Nxc6 Nxc6 10. Qxc6+ Nd7 11. Bxc4 a6 12. d5 O-O 13. dxe6 Bxe6 14. Bxe6 Ne5
15. Bxf7+ Rxf7 16. Qd5 Nd3+ 17. Ke2 Nb4 18. Qxd8+ Rxd8 19. Rd1 Rxd1 20. Nxd1
Nc2 21. Rb1 Rf5 22. Bd2 Nb4 23. Bxb4 Bxb4 24. Rc1 Kf7 25. Rc7+ Kg6 26. Nc3 Bxc3
27. Rxc3 Rf6 28. e4 Kh6 29. e5 Re6 30. f4 g5 31. Kf3 gxf4 32. Kxf4 Kg7 33. g4
Re7 34. Rc6 Rb7 35. g5 Rf7+ 36. Ke4 Rf2 37. Rxb6 Rxh2 38. Rxa6 Rxb2 39. a4 Re2+
40. Kf5 Rf2+ 41. Kg4 Rg2+ 42. Kh4 Kf7 43. a5 Ke7 44. Rh6 Kf7 45. e6+ Kf8 46. a6
Rh2+ 47. Kg3 Ra2 48. e7+ Kxe7 49. Rxh7+ Ke6 50. Kg4 Rg2+ 51. Kh5 Kf5 52. Rf7+
Ke6 53. a7 Kxf7 54. a8=Q Rh2+ 55. Kg4 Ke7 56. Qb7+ Ke6 57. Qe4+ Kd7 58. Qd5+
Kc8 59. Qc6+ Kd8 60. Qd6+ Kc8 61. Qxh2 Kd7 62. g6 Ke7 63. Qe5+ Kd8 64. g7 Kd7
65. g8=Q Kc6 66. Qc8+ Kb6 67. Qec5# {Hossa checkmated} 1-0

[Event "ICS rated blitz match"]
[Site "204.178.125.65"]
[Date "2000.08.23"]
[Round "?"]
[White "Hossa"]
[Black "MissSilicon"]
[Result "0-1"]
[WhiteElo "2530"]
[BlackElo "2741"]
[PlyCount "120"]
[EventDate "2000.??.??"]

1. e4 e5 2. Nf3 Nc6 3. Bb5 Bc5 4. O-O Nd4 5. Nxd4 Bxd4 6. c3 Bb6 7. Na3 c6 8.
Ba4 d6 9. d4 Nf6 10. dxe5 dxe5 11. Qxd8+ Bxd8 12. Nc4 Bc7 13. f4 b5 14. fxe5
Nd7 15. Nd6+ Bxd6 16. exd6 bxa4 17. Rd1 O-O 18. Rd4 Re8 19. Bg5 f6 20. Be3 c5
21. Rxa4 Nb6 22. Ra3 Nc4 23. Bxc5 Nxa3 24. Bxa3 Rxe4 25. Kf2 Be6 26. Bc5 Re5
27. Be3 Rd5 28. Bf4 Kf7 29. Ke3 g5 30. Bg3 f5 31. Ke2 f4 32. Bf2 Rxd6 33. Bd4
Bd5 34. Kf1 Rh6 35. Kg1 Re6 36. Bf2 h5 37. b3 g4 38. c4 Bc6 39. a4 Re2 40. Re1
Rb2 41. Rf1 Rxb3 42. Bd4 f3 43. a5 Rd3 44. Be5 Ke6 45. Re1 fxg2 46. a6 Kf7 47.
Rb1 Rad8 48. Re1 Rd1 49. Bc3 Rxe1+ 50. Bxe1 Rd1 51. Kf2 Rxe1 52. Kxe1 g1=Q+ 53.
Kd2 Qd4+ 54. Kc2 Ba4+ 55. Kb1 Qd3+ 56. Ka1 Qc3+ 57. Ka2 Bb3+ 58. Ka3 Bc2+ 59.
Ka2 Qb3+ 60. Ka1 Qb1# {Hossa checkmated} 0-1